00340nam a2200097 a 450000500170000000800410001705000180005824500520007626000370012850000770016520140513081053.0090911s19uu xx 00 eng d aKitbMR. 1980 a3 MR. Men and Little Miss /cHangreaves, Roger. aU.S.A :bOttenheimer pub,c1980. aStories on LP cassette. Titles: Mr. Nervous, Mr. Chatterbox, Mr. Messy.